LEADER 01329nam a2200289 4500 001 000000334339 003 CaOOAMICUS 005 20190823120252.0 008 190626s2001 it 000 u ita r 020 $a88-215-4472-9 040 $aSeMil$bita 100 1 $aAmouriaux, Jean-Michel.$0(OLS)http://semarc/name/109771 240 10$aSaint Jean Eudes.$0(OLS)http://semarc/title/424025 245 10$aSan Giovanni Eudes :$battraverso i suoi scritti /$cJean-Michel Amouriaux, Paul Milcent. 264 1$aCinisello Balsamo :$bSan Paolo,$c2001. 300 $a182 p. ;$c20 cm 490 1 $aFondatori e riformatori [San Paolo ; Paoline] ;$v54 600 14$aEudes, Jean .$0(OLS)http://semarc/subject/9874 700 1 $aMilcent, Paul,$d<1923- >,$ecollaboratore.$0(OLS)http://semarc/name/42968 830 0$aFondatori e riformatori ;$v54.$0(OLS)http://semarc/title/10386 850 $aSeMil 852 $aSeMil$W1$xVenegono$y1$m3H II 516$j216110$B226594$CSeMilBibl$Z2$F226594 $81 961 $aAntonelli don Mario - Omaggio 996 $6020$a88-215-4472-9$9(OLS)http://semarc/number/287712 996 $6245$aSan Giovanni Eudes :$battraverso i suoi scritti$9(OLS)http://semarc/title/424024 996 $6264$aCinisello Balsamo :$bSan Paolo$9(OLS)http://semarc/publisher/30129 LEADER 01050nam a2200193 i 4500 001 000000057307 003 CaOOAMICUS 005 19970930000000.0 008 970930n xx u000 u ger u 013 $a28479 040 $aSeMil$bita 100 1 $aMilla, Josephus .$0(OLS)http://semarc/name/29113 245 14$aDie Lehre vom Übernatürlichen bei Matth. Jos. Scheeben. Roma :$b[s.n.], 1961. ((Excerpta ex dissertatione ad Lauream in Facultate Theologica Pontificiae Universitatis Gregorianae. 650 4$aScheeben, Matthias Joseph .$0(OLS)http://semarc/subject/9238 650 4$aSoprannaturale.$0(OLS)http://semarc/subject/2544 650 4$aTesi di laurea.$0(OLS)http://semarc/subject/1690 850 $aSeMil 852 $aSeMil$W1$xVenegono$y1$m2I V 251$j23461$B23461$CSeMilBibl$Z2$F23463 $81 996 $6245$aDie Lehre vom Übernatürlichen bei Matth. Jos. Scheeben. Roma :$b[s.n.], 1961. ((Excerpta ex dissertatione ad Lauream in Facultate Theologica Pontificiae Universitatis Gregorianae.$9(OLS)http://semarc/title/89171